Practice and Procedure in Labor Arbitration
Saved in:
| Main Author: | |
|---|---|
| Format: | Book |
| Language: | English |
| Published: |
Washington
Bureau of National Affairs
1983
|
| Edition: | 2. ed. |
| Tags: |
No Tags, Be the first to tag this record!
|
MARC
| LEADER | 00000nam a2200000 4500 | ||
|---|---|---|---|
| 001 | c023596 | ||
| 005 | 20221220085446.9 | ||
| 041 | 0 | |a eng | |
| 044 | |a US | ||
| 245 | 1 | 0 | |a Practice and Procedure in Labor Arbitration |c Owen Fairweather |
| 250 | |a 2. ed. | ||
| 264 | 1 | |a Washington |b Bureau of National Affairs |c 1983 | |
| 300 | |a 789 s. | ||
| 100 | 1 | |a Fairweather, Owen | |